[Event "Eastern op 45th"]
[Site "Tysons"]
[Date "2018.12.29"]
[Round "4"]
[White "Beckman, Thomas J"]
[Black "Heller, Garrett"]
[Result "0-1"]
[WhiteElo "1917"]
[BlackElo "2024"]
[PlyCount "78"]
[EventDate "2018.12.27"]
[EventType "swiss"]
[EventRounds "7"]
[EventCountry "USA"]
[SourceTitle "CBM 188 Extra"]
[Source "ChessBase"]
[SourceDate "2019.02.26"]
[SourceVersion "1"]
[SourceVersionDate "2019.02.26"]
[SourceQuality "1"]

1. d4 Nf6 2. Nf3 e6 3. g3 b6 4. Bg2 Bb7 5. 0-0 c5 6. b3 Be7 7. Bb2 0-0 8. c4 cxd4 9. Nxd4 Bxg2 10. Kxg2 d5 11. Nd2 Qd7 12. Rc1 Nc6 13. Nxc6 Qxc6 14. Nf3 Qb7 15. cxd5 Nxd5 16. Rc4 b5 17. Rc2 Rac8 18. Kg1 Rxc2 19. Qxc2 Rc8 20. Qe4 b4 21. Rc1 Rxc1+ 22. Bxc1 Qa6 23. Qc2 Nc3 24. Be3 Qxa2 25. Qxa2 Nxa2 26. Bxa7 Nc1 27. Nd2 Bf6 28. Kf1 Bc3 29. Be3 Kf8 30. Ke1 Nxb3 31. Kd1 Nd4 32. Nb1 Bb2 33. Bd2 Nc6 34. Kc2 Bd4 35. e3 Bc5 36. Kb3 Ke7 37. h4 Kd6 38. Bc1 Ne5 39. Nd2 Nd3 0-1

[Event "Eastern op 44th"]
[Site "Tysons"]
[Date "2017.12.28"]
[Round "3"]
[White "Beckman, Thomas J"]
[Black "Kobla, Vishal"]
[Result "1/2-1/2"]
[WhiteElo "1943"]
[BlackElo "2024"]
[PlyCount "43"]
[EventDate "2017.12.27"]
[EventType "swiss"]
[EventRounds "7"]
[EventCountry "USA"]
[SourceTitle "CBM 182 Extra"]
[Source "ChessBase"]
[SourceDate "2018.02.23"]
[SourceVersion "1"]
[SourceVersionDate "2018.02.23"]
[SourceQuality "1"]

1. d4 d5 2. Nf3 Nf6 3. g3 Bf5 4. Bg2 h6 5. 0-0 e6 6. c4 c6 7. Nc3 Be7 8. b3 0-0 9. Ne5 Nbd7 10. Nxd7 Qxd7 11. f3 Bg6 12. Be3 Rfd8 13. c5 b6 14. Na4 bxc5 15. Nxc5 Bxc5 16. dxc5 d4 17. Bf2 e5 18. e4 dxe3 19. Bxe3 Nd5 20. Bd2 Qe7 21. Qc1 f5 22. Qc4 1/2-1/2

[Event "Eastern op 44th"]
[Site "Tysons"]
[Date "2017.12.27"]
[Round "1"]
[White "Beckman, Thomas J"]
[Black "Applebaum, Andy"]
[Result "1-0"]
[WhiteElo "1943"]
[BlackElo "2138"]
[PlyCount "45"]
[EventDate "2017.12.27"]
[EventType "swiss"]
[EventRounds "7"]
[EventCountry "USA"]
[SourceTitle "CBM 182 Extra"]
[Source "ChessBase"]
[SourceDate "2018.02.23"]
[SourceVersion "1"]
[SourceVersionDate "2018.02.23"]
[SourceQuality "1"]

1. d4 Nf6 2. Nf3 g6 3. c4 Bg7 4. Nc3 d5 5. Bg5 Ne4 6. Bf4 Nxc3 7. bxc3 c5 8. cxd5 Qxd5 9. e3 cxd4 10. cxd4 Nc6 11. Be2 0-0 12. 0-0 Bf5 13. Qa4 Rac8 14. Rac1 Bd7 15. Qa3 b5 16. Rc5 Qe4 17. Ng5 b4 18. Qa6 Nb8 19. Qxc8 Qa8 20. Qc7 Na6 21. Qxd7 Nxc5 22. dxc5 h6 23. Nf3 1-0

[Event "Eastern op 43rd"]
[Site "Bethesda"]
[Date "2016.12.28"]
[Round "3"]
[White "Kobla, Vishal"]
[Black "Beckman, Thomas J"]
[Result "1-0"]
[WhiteElo "2050"]
[BlackElo "1963"]
[PlyCount "85"]
[EventDate "2016.12.27"]
[EventType "swiss"]
[EventRounds "7"]
[EventCountry "USA"]
[SourceTitle "CBM 176 Extra"]
[Source "ChessBase"]
[SourceDate "2017.03.02"]
[SourceVersion "1"]
[SourceVersionDate "2017.03.02"]
[SourceQuality "1"]

1. e4 e6 2. d4 d5 3. Nd2 c5 4. exd5 Qxd5 5. Ngf3 cxd4 6. Bc4 Qd6 7. 0-0 Nf6 8. Nb3 Nc6 9. Nbxd4 Nxd4 10. Nxd4 a6 11. Re1 Qc7 12. Bb3 Bd6 13. Nf5 Bxh2+ 14. Kh1 0-0 15. Nxg7 Rd8 16. Qf3 Kxg7 17. Bh6+ Kg6 18. c3 Nh5 19. Bc1 Bf4 20. g4 Ng3+ 21. fxg3 Bxc1 22. Raxc1 b5 23. Bc2+ Kg7 24. Be4 Rb8 25. Rc2 Bb7 26. Rh2 Bxe4 27. Qxe4 h6 28. g5 hxg5 29. Qh7+ Kf8 30. Qh6+ Ke8 31. Rxe6+ Kd7 32. Rxa6 Qb7+ 33. Kg1 Kc7 34. Re2 Rd7 35. Qf6 Rbd8 36. Re7 Rxe7 37. Qxe7+ Rd7 38. Qe5+ Kc8 39. Qc5+ Kd8 40. Qxg5+ Ke8 41. Qe5+ Kd8 42. Rd6 Qa7+ 43. Qd4 1-0

[Event "Eastern op 42nd"]
[Site "Bethesda"]
[Date "2015.12.28"]
[Round "5"]
[White "Huang, Andy"]
[Black "Beckman, Thomas J"]
[Result "1/2-1/2"]
[WhiteElo "1954"]
[BlackElo "1963"]
[PlyCount "75"]
[EventDate "2015.12.26"]
[EventType "swiss"]
[EventRounds "7"]
[EventCountry "USA"]
[SourceTitle "CBM 170 Extra"]
[Source "ChessBase"]
[SourceDate "2016.02.25"]
[SourceVersion "1"]
[SourceVersionDate "2016.02.25"]
[SourceQuality "1"]

1. e4 e6 2. d4 d5 3. Nc3 Nf6 4. Bg5 Bb4 5. e5 h6 6. Bd2 Bxc3 7. bxc3 Ne4 8. Nf3 c5 9. Bd3 Nxd2 10. Qxd2 c4 11. Be2 Bd7 12. 0-0 Ba4 13. Rab1 b5 14. g3 Qe7 15. Nh4 Nc6 16. f4 g6 17. Ng2 h5 18. Ne3 a5 19. Bf3 0-0-0 20. Nd1 Qa3 21. Nb2 Kc7 22. Rfc1 b4 23. Nd1 Rb8 24. Kg2 Rb6 25. Kf2 Rhb8 26. Ke3 bxc3 27. Qxc3 Qxc3+ 28. Nxc3 Rxb1 29. Rxb1 Rxb1 30. Nxb1 Bxc2 31. Nc3 Ne7 32. Kd2 Bd3 33. Nb5+ Kc6 34. Nd6 Nf5 35. Nxf5 Bxf5 36. Bd1 Kb5 37. Kc3 a4 38. a3 1/2-1/2

[Event "World op 33rd"]
[Site "Philadelphia"]
[Date "2005.06.30"]
[Round "3"]
[White "Samuelson, Andrew"]
[Black "Beckman, Thomas J"]
[Result "1-0"]
[WhiteElo "2111"]
[BlackElo "2080"]
[PlyCount "75"]
[EventDate "2005.06.??"]
[EventType "swiss"]
[EventRounds "9"]
[EventCountry "USA"]
[SourceTitle "EXT 2006"]
[Source "ChessBase"]
[SourceDate "2005.11.24"]
[SourceVersion "1"]
[SourceVersionDate "2005.11.24"]
[SourceQuality "1"]

1. e4 e6 2. b3 c5 3. Bb2 Nc6 4. Bb5 Qc7 5. Nf3 b6 6. 0-0 Bb7 7. Re1 Nf6 8. Nc3 0-0-0 9. e5 Ng4 10. Qe2 f6 11. Bxc6 Qxc6 12. Nb5 Kb8 13. exf6 Nxf6 14. Qf1 a6 15. Na3 Bd6 16. Nc4 Bf4 17. Nce5 Bxe5 18. Nxe5 Qc7 19. Nf7 Rhf8 20. Be5 d6 21. Nxd8 Qxd8 22. Bg3 e5 23. Qd3 g5 24. b4 cxb4 25. a3 h5 26. h3 h4 27. Bh2 g4 28. axb4 Rg8 29. hxg4 Nxg4 30. f3 Nxh2 31. Kxh2 Qf6 32. Rxa6 h3 33. Rxb6 Rxg2+ 34. Kxh3 Rxd2 35. Rxb7+ Kxb7 36. Qxd2 Qxf3+ 37. Kh2 Qh5+ 38. Kg1 1-0

[Event "World op 32nd"]
[Site "Philadelphia"]
[Date "2004.07.02"]
[Round "2"]
[White "Shapiro, Daniel E"]
[Black "Beckman, Thomas J"]
[Result "1-0"]
[WhiteElo "2272"]
[BlackElo "2006"]
[PlyCount "75"]
[EventDate "2004.07.01"]
[EventType "swiss"]
[EventRounds "9"]
[EventCountry "USA"]
[SourceTitle "CBM 101 Extra"]
[Source "ChessBase"]
[SourceDate "2004.09.01"]
[SourceVersion "2"]
[SourceVersionDate "2004.09.01"]
[SourceQuality "1"]

1. d4 Nf6 2. c4 e6 3. g3 c5 4. d5 exd5 5. cxd5 d6 6. Nc3 g6 7. Bg2 Bg7 8. Nf3 0-0 9. 0-0 a6 10. a4 Nbd7 11. Bf4 Qc7 12. h3 Rb8 13. Rc1 Re8 14. b4 Nh5 15. Bd2 cxb4 16. Ne4 Qb6 17. Be3 Nc5 18. Nxd6 Rxe3 19. Nc4 Qa7 20. Nxe3 Bd7 21. a5 Ba4 22. Qe1 Nb3 23. Rc2 Nd4 24. Rc7 Nxg3 25. Nxd4 Qxd4 26. fxg3 Qxe3+ 27. Kh2 Bc3 28. Qf2 Qxf2 29. Rxf2 f5 30. d6 Rd8 31. Bd5+ Kh8 32. e4 Rxd6 33. Rxb7 Bd4 34. Rf3 Bd1 35. Rd3 fxe4 36. Rxd1 Rxd5 37. Rxb4 Bg1+ 38. Rxg1 1-0

[Event "Washington Eastern op"]
[Site "Washington DC"]
[Date "2003.12.26"]
[Round "1"]
[White "Rubenchik, Rodion"]
[Black "Beckman, Thomas J"]
[Result "1-0"]
[WhiteElo "2331"]
[BlackElo "2082"]
[PlyCount "77"]
[EventDate "2003.12.26"]
[EventType "swiss"]
[EventRounds "8"]
[EventCountry "USA"]
[SourceTitle "CBM 097 Extra"]
[Source "ChessBase"]
[SourceDate "2004.01.13"]
[SourceVersion "1"]
[SourceVersionDate "2004.01.13"]
[SourceQuality "1"]

1. Nf3 Nf6 2. c4 e6 3. Nc3 Bb4 4. Qb3 c5 5. a3 Ba5 6. g3 0-0 7. Bg2 Nc6 8. 0-0 Qe7 9. d3 Bxc3 10. Qxc3 e5 11. b4 d6 12. Rb1 Bg4 13. e3 Rac8 14. h3 Bf5 15. g4 cxb4 16. axb4 Bd7 17. b5 Nd8 18. Qa3 e4 19. Nd4 exd3 20. Qxd3 g6 21. Ba3 Ne8 22. Rfd1 f6 23. Ne2 Be6 24. Rbc1 Nf7 25. Nf4 Ne5 26. Qe2 Bf7 27. Nd5 Bxd5 28. Bxd5+ Kg7 29. h4 Nf7 30. Bb2 h6 31. f4 Kh7 32. Qd3 Rg8 33. Bd4 f5 34. gxf5 gxf5+ 35. Kf1 Qd7 36. Rc2 Ng7 37. Rg2 Nh5 38. Rdd2 Rg4 39. Rxg4 1-0

[Event "World op 29th"]
[Site "Philadelphia"]
[Date "2001.07.08"]
[Round "9"]
[White "Dunne, Alex"]
[Black "Beckman, Thomas J"]
[Result "1/2-1/2"]
[WhiteElo "2256"]
[BlackElo "2110"]
[PlyCount "59"]
[EventDate "2001.06.30"]
[EventType "swiss"]
[EventRounds "9"]
[EventCountry "USA"]
[SourceTitle "EXT 2002"]
[Source "ChessBase"]
[SourceDate "2001.11.25"]
[SourceVersion "1"]
[SourceVersionDate "2001.11.25"]
[SourceQuality "1"]

1. e4 e6 2. d4 d5 3. Nc3 Bb4 4. e5 c5 5. a3 Bxc3+ 6. bxc3 Ne7 7. Nf3 Bd7 8. a4 Nbc6 9. Bd3 Qa5 10. 0-0 c4 11. Be2 f6 12. Qd2 0-0 13. Ba3 Rf7 14. Rfb1 b6 15. exf6 gxf6 16. Nh4 Rg7 17. f4 Rd8 18. Qe3 Qa6 19. Kh1 Ng6 20. Nxg6 hxg6 21. Bg4 Qc8 22. Re1 Re8 23. Bd6 Nd8 24. a5 Nf7 25. Bb4 Nh6 26. Bh3 Nf5 27. Qf2 b5 28. g4 Ne7 29. Qh4 g5 30. Qg3 1/2-1/2

[Event "World op 28th"]
[Site "Philadelphia"]
[Date "2000.07.01"]
[Round "4"]
[White "Beckman, Thomas J"]
[Black "Filatov, Leonid"]
[Result "0-1"]
[WhiteElo "2141"]
[BlackElo "2293"]
[PlyCount "77"]
[EventDate "2000.06.28"]
[EventType "swiss"]
[EventRounds "9"]
[EventCountry "USA"]
[SourceTitle "EXT 2001"]
[Source "ChessBase"]
[SourceDate "2000.11.22"]
[SourceVersion "1"]
[SourceVersionDate "2000.11.22"]
[SourceQuality "1"]

1. c4 e6 2. d4 Nf6 3. Nf3 d5 4. Nc3 c6 5. cxd5 exd5 6. Bg5 Be7 7. e3 Bf5 8. Bxf6 Bxf6 9. Bd3 Bxd3 10. Qxd3 Nd7 11. 0-0 0-0 12. b4 Nb6 13. Nd2 a6 14. a4 Be7 15. b5 cxb5 16. axb5 a5 17. Na4 Nxa4 18. Rxa4 Qd7 19. f3 b6 20. e4 Bb4 21. Rd1 Rac8 22. Nf1 Rc3 23. Qe2 Re8 24. e5 f6 25. f4 Qf5 26. Qa2 Rd8 27. Ng3 Qxf4 28. exf6 Rc1 29. Rxc1 Qxc1+ 30. Nf1 gxf6 31. Qe2 Qc8 32. Qf2 Qe6 33. Ra2 Re8 34. Rc2 Qe4 35. Qg3+ Kh8 36. Qf2 f5 37. Ng3 Qd3 38. Rc7 Qe3 39. Nxf5 0-1

[Event "Washington Eastern op"]
[Site "Washington DC"]
[Date "1997.??.??"]
[Round "5"]
[White "Beckman, Thomas J"]
[Black "Curdo, John"]
[Result "0-1"]
[WhiteElo "2160"]
[BlackElo "2285"]
[PlyCount "64"]
[EventDate "1997.12.??"]
[EventType "swiss"]
[EventRounds "9"]
[EventCountry "USA"]
[SourceTitle "EXT 1999"]
[Source "ChessBase"]
[SourceDate "1998.11.16"]
[SourceVersion "1"]
[SourceVersionDate "1998.11.16"]
[SourceQuality "1"]

1. d4 f5 2. c4 Nf6 3. g3 d6 4. Nc3 g6 5. Bg2 Bg7 6. Nh3 0-0 7. Bg5 c6 8. Qd2 e5 9. d5 c5 10. e4 f4 11. gxf4 h6 12. fxe5 hxg5 13. exf6 Bxf6 14. f3 g4 15. fxg4 Bh4+ 16. Kd1 Bxg4+ 17. Kc2 Nd7 18. Raf1 Qe7 19. Qh6 Ne5 20. Rf4 Rxf4 21. Nxf4 Bg5 22. Nxg6 Qf6 23. Nxe5 Qf2+ 24. Kb3 Bxh6 25. Nxg4 Qxg2 26. Nxh6+ Kh7 27. Re1 Kxh6 28. e5 dxe5 29. Rxe5 Qxh2 30. Re7 b6 31. Nb5 a6 32. Nc7 Rg8 0-1

[Event "World op 23rd"]
[Site "Philadelphia"]
[Date "1995.??.??"]
[Round "1"]
[White "Adelman, Charles D"]
[Black "Beckman, Thomas J"]
[Result "1-0"]
[WhiteElo "2270"]
[BlackElo "2190"]
[PlyCount "89"]
[EventDate "1995.06.??"]
[EventType "swiss"]
[EventRounds "9"]
[EventCountry "USA"]
[SourceTitle "EXT 2000"]
[Source "ChessBase"]
[SourceDate "1999.11.16"]
[SourceVersion "1"]
[SourceVersionDate "1999.11.16"]
[SourceQuality "1"]

1. c4 e5 2. Nc3 Nc6 3. g3 g6 4. Bg2 Bg7 5. Nf3 d6 6. 0-0 f5 7. d3 Nf6 8. Bg5 h6 9. Bxf6 Qxf6 10. Nd5 Qf7 11. Rb1 0-0 12. b4 g5 13. b5 Nd8 14. Nd2 f4 15. a4 Bg4 16. a5 c6 17. bxc6 bxc6 18. Nb4 Rc8 19. Ne4 Qg6 20. c5 d5 21. Nd6 Rc7 22. Na6 Re7 23. h3 Bd7 24. Qa4 Ne6 25. Rfc1 Nd4 26. Qa2 f3 27. exf3 Nxf3+ 28. Bxf3 Rxf3 29. Rb8+ Kh7 30. Rb7 Qh5 31. Nb8 Qxh3 32. Nxc6 Bxc6 33. Rxe7 Rxd3 34. Qe2 e4 35. Rc7 Kg6 36. Nxe4 dxe4 37. Rxc6+ Kf5 38. Rd6 Bd4 39. Rxd4 Rxd4 40. c6 Ke5 41. c7 Qc8 42. Qb5+ Kf6 43. Qb8 Qd7 44. c8Q Rd1+ 45. Kh2 1-0

[Event "New York op"]
[Site "Newark"]
[Date "1995.??.??"]
[Round "?"]
[White "Yedidia, Jonathan"]
[Black "Beckman, Thomas J"]
[Result "1-0"]
[WhiteElo "2390"]
[BlackElo "2200"]
[PlyCount "105"]
[EventDate "1995.04.12"]
[EventType "swiss"]
[EventRounds "9"]
[EventCountry "USA"]
[SourceTitle "EXT 2002"]
[Source "ChessBase"]
[SourceDate "2001.11.25"]
[SourceVersion "1"]
[SourceVersionDate "2001.11.25"]
[SourceQuality "1"]

1. d4 f5 2. Nc3 d5 3. Bg5 h6 4. Bf4 e6 5. g4 Bd6 6. Bxd6 Qxd6 7. gxf5 exf5 8. Qd2 Nf6 9. 0-0-0 0-0 10. f4 Ne4 11. Nxe4 fxe4 12. e3 Bg4 13. Be2 Be6 14. h3 a5 15. Bg4 Nc6 16. Ne2 a4 17. Bxe6+ Qxe6 18. Rdg1 Na5 19. b3 axb3 20. axb3 Nc6 21. Qc3 Qd6 22. Kd2 Nb4 23. Ra1 Na2 24. Qc5 Qxc5 25. dxc5 Nb4 26. Nd4 Na6 27. Ra5 c6 28. Rha1 Rac8 29. Rg1 Rf6 30. Kc3 Kf7 31. b4 Rg6 32. Rg4 Rxg4 33. hxg4 g6 34. Ra1 h5 35. gxh5 gxh5 36. Nf5 Kf6 37. Nd6 Rh8 38. Nxb7 Nc7 39. Na5 Nb5+ 40. Kd2 Rc8 41. Rh1 Kg6 42. Rg1+ Kh6 43. Rg5 d4 44. Re5 h4 45. Rg5 Rc7 46. Nc4 Rg7 47. Nd6 Rxg5 48. fxg5+ Kxg5 49. Nxb5 cxb5 50. c6 h3 51. c7 h2 52. c8Q dxe3+ 53. Kxe3 1-0

[Event "Philadelphia Int 5th"]
[Site "Philadelphia"]
[Date "1994.??.??"]
[Round "1"]
[White "Fang, Joseph"]
[Black "Beckman, Thomas J"]
[Result "1-0"]
[WhiteElo "2405"]
[BlackElo "2220"]
[PlyCount "79"]
[EventDate "1994.06.24"]
[EventType "swiss"]
[EventRounds "9"]
[EventCountry "USA"]
[SourceTitle "EXT 2024"]
[Source "ChessBase"]
[SourceDate "2023.10.10"]
[SourceVersion "1"]
[SourceVersionDate "2023.10.10"]
[SourceQuality "1"]

1. d4 f5 2. Nc3 Nf6 3. Bg5 d5 4. e3 e6 5. Nf3 Be7 6. Bd3 0-0 7. 0-0 Nbd7 8. Ne2 Ne4 9. Bxe7 Qxe7 10. c4 Kh8 11. Qc2 c6 12. Rab1 Ndf6 13. Ne5 Bd7 14. Nf4 Qe8 15. f3 Nd6 16. c5 Nf7 17. b4 a6 18. a4 g5 19. Ne2 Rg8 20. Rb3 Qe7 21. Qb2 g4 22. f4 Ne4 23. Ng3 Nxe5 24. dxe5 a5 25. Bxe4 dxe4 26. Rd1 Bc8 27. Rd6 Rd8 28. Qd4 Rxd6 29. exd6+ Qg7 30. Nh5 Qxd4 31. exd4 e5 32. fxe5 Be6 33. Rb2 Kg8 34. Nf4 Kf7 35. bxa5 Ra7 36. a6 bxa6 37. Rb6 Bd7 38. Kf2 a5 39. d5 cxd5 40. c6 1-0

[Event "New York op"]
[Site "New York"]
[Date "1993.??.??"]
[Round "8"]
[White "Beckman, Thomas J"]
[Black "Marquez, Raul"]
[Result "1/2-1/2"]
[WhiteElo "2220"]
[BlackElo "2265"]
[PlyCount "93"]
[EventDate "1993.04.07"]
[EventType "swiss"]
[EventRounds "9"]
[EventCountry "USA"]
[SourceTitle "TD"]
[Source "ChessBase"]
[SourceDate "1994.03.01"]
[SourceVersion "1"]
[SourceVersionDate "1994.03.01"]
[SourceQuality "1"]

1. f4 g6 2. Nf3 Bg7 3. g3 d6 4. Bg2 c5 5. 0-0 Nc6 6. e4 Nf6 7. d3 0-0 8. c3 Rb8 9. a4 a6 10. Na3 b5 11. axb5 axb5 12. Qe1 Na5 13. e5 Ne8 14. Be3 b4 15. Nc2 bxc3 16. bxc3 Rb2 17. Rf2 Bf5 18. Rd1 Qb6 19. h3 Nc7 20. g4 Bd7 21. Bc1 Ra2 22. Ne3 Rxf2 23. Qxf2 Qb3 24. Nd2 Qa4 25. Ne4 Nb7 26. Qh4 dxe5 27. f5 Nd6 28. Nxc5 Qb5 29. Nxd7 Qxd7 30. fxg6 hxg6 31. c4 Bf6 32. g5 Bg7 33. Bb2 Rb8 34. Rd2 Qa4 35. Kh2 Ne6 36. Nd5 Nf5 37. Qe1 Ned4 38. Bxd4 exd4 39. Nxe7+ Nxe7 40. Qxe7 Re8 41. Ra2 Qxa2 42. Qxe8+ Bf8 43. c5 Qf2 44. Qe5 Bg7 45. Qe8+ Kh7 46. Qe4 Bf8 47. Qe5 1/2-1/2